00534nam a2200193 a 4500001001300000003000900013005001700022008004100039020002300080082001500103100002000118245006500138260003800203300000900241500003500250505001000285650002500295700002000320nice12345678IN_TiNIC20260116013255.0050524s1974 boma grp 000 0 eng  a817154X c30000a923.2bKEE aKeer, Dhananjay aMahatma Jotirao Phooleyb Father of Indian Social Revolution aBombay bPopular Prakashan c1974 a295p aincludes index and biblioraphy2 aIndex aBiography-Politician1 aKeer, Dhananjay